000 00233nam a2200097Ia 4500
008 190216s9999||||xx |||||||||||||| ||und||
100 _aNull
245 0 _aHindi-Guru Varnan Parpas Aur Senapathi Ka Kavya
260 _bNull
942 _cBK
999 _c17439
_d17439